| 000 | 01144cam a22003137a 4500 | ||
|---|---|---|---|
| 003 | CHAP | ||
| 005 | 20220329143048.0 | ||
| 008 | 051123d2005 mx r 00110 spa d | ||
| 010 | _a91375 | ||
| 011 | _a92347 | ||
| 020 | _a9701338405 | ||
| 035 | _a102911 | ||
| 040 | _cCHAP | ||
| 082 | 0 | 4 |
_a317.2 _bI4 |
| 110 | 1 |
_aInstituto Nacional de Estadística, Geografía e Informática. México _959304 |
|
| 245 | 1 | 0 |
_aCronología de la estadística en México (1521-2003) _c/por Instituto Nacional de Estadística, Geografía e Informática |
| 260 |
_aAguascalientes, Ags. : _bInstituto Nacional de Estadística, Geografía e Informática , _c2005. |
||
| 300 | _a97 p. | ||
| 590 |
_aBATCH-UPD _b10 _c20130110 _lUCH01 _h0929 |
||
| 590 |
_aBATCH-UPD _b10 _c20130410 _lUCH01 _h0549 |
||
| 590 |
_aBATCH-UPD _b10 _c20130914 _lUCH01 _h1824 |
||
| 590 |
_aCONVERSION _b10 _c20130109 _lUCH01 _h1351 |
||
| 650 | 1 | 4 |
_aMéxico _xEstadísticas. _976743 |
| 901 | _aBK | ||
| 905 | _aLilia | ||
| 942 | _cLIBRO | ||
| 949 |
_a317.2 I4 _bBC _cINEGI _d33724000972865 _eINEGI _h107534 _i102911 _sb |
||
| 949 |
_a317.2 I4 _bBC _cINEGI _d33724000998910 _eINEGI _fc.2 _h107959 _i102911 _sb |
||
| 999 |
_c91375 _d91375 |
||